Ранжирование трубопроводов компрессорных станций по приоритетности диагностического обследования, эксплуатируемых на территории Томской области; Горный информационно-аналитический бюллетень. Отдельный выпуск; № S4 (1)
| Parent link: | Горный информационно-аналитический бюллетень. Отдельный выпуск: научно-технический журнал.— , 2005- № S4 (1).— 2013.— [С. 362-367] |
|---|---|
| Autor principal: | |
| Altres autors: | |
| Sumari: | Заглавие с экрана Представлено опробование методики ранжирования технологических трубопроводов высокой стороны компрессорных станций по приоритетности проведения диагностического обследования на предмет вы явления дефектов коррозионного растрескивания под напряжением для последующего проведения комплексного ремонта. Режим доступа: по договору с организацией-держателем ресурса |
| Idioma: | rus |
| Publicat: |
2013
|
| Matèries: | |
| Accés en línia: | http://elibrary.ru/item.asp?id=21450172 |
| Format: | MixedMaterials Electrònic Capítol de llibre |
| KOHA link: | https://koha.lib.tpu.ru/cgi-bin/koha/opac-detail.pl?biblionumber=642549 |
MARC
| LEADER | 00000nla0a2200000 4500 | ||
|---|---|---|---|
| 001 | 642549 | ||
| 005 | 20250205155029.0 | ||
| 035 | |a (RuTPU)RU\TPU\network\7506 | ||
| 090 | |a 642549 | ||
| 100 | |a 20150626d2013 k||y0rusy50 ca | ||
| 101 | 0 | |a rus | |
| 102 | |a RU | ||
| 135 | |a drcn ---uucaa | ||
| 181 | 0 | |a i | |
| 182 | 0 | |a b | |
| 200 | 1 | |a Ранжирование трубопроводов компрессорных станций по приоритетности диагностического обследования, эксплуатируемых на территории Томской области |f Л. П. Кузнецова, Н. В. Чухарева | |
| 203 | |a Текст |c электронный | ||
| 300 | |a Заглавие с экрана | ||
| 330 | |a Представлено опробование методики ранжирования технологических трубопроводов высокой стороны компрессорных станций по приоритетности проведения диагностического обследования на предмет вы явления дефектов коррозионного растрескивания под напряжением для последующего проведения комплексного ремонта. | ||
| 333 | |a Режим доступа: по договору с организацией-держателем ресурса | ||
| 461 | |t Горный информационно-аналитический бюллетень. Отдельный выпуск |o научно-технический журнал |d 2005- | ||
| 463 | |t № S4 (1) |v [С. 362-367] |d 2013 | ||
| 610 | 1 | |a труды учёных ТПУ | |
| 610 | 1 | |a электронный ресурс | |
| 700 | 1 | |a Кузнецова |b Л. П. | |
| 701 | 1 | |a Чухарева |b Н. В. |c специалист в области нефтегазового дела |c доцент Томского политехнического университета, кандидат химических наук |f 1967- |g Наталья Вячеславовна |3 (RuTPU)RU\TPU\pers\26133 |9 11962 | |
| 801 | 1 | |a RU |b 63413507 |c 20100524 | |
| 801 | 2 | |a RU |b 63413507 |c 20160229 |g RCR | |
| 856 | 4 | 0 | |u http://elibrary.ru/item.asp?id=21450172 |
| 942 | |c CF | ||